000 00520nam a2200193Ii 4500
003 JO-AjNU
008 230606s9999||||xx |||||||||||||| ||und||
020 _a978-654-321
040 _aJO-AjNU
_beng
_erda
_cJO-AjNU
041 _aeng
050 1 4 _aKD750.H47.2007
100 3 _aHerring ، Jonathan,
_eauthor
_91694
245 0 0 _aFamily Law
264 3 1 _aLondon : Pearson Longman ، 2007
300 _a777p
336 _atext
_btxt
_2rdacontent
337 _aunmediated
_bn
_2rdamedia
338 _avolume
_bnc
_2rdacarrier
999 _aE892
_c892
_d892